00320nam a2200109 a 450000500170000000800410001705000210005824500250007926000360010444000240014050000460016420140513081054.0031022s19uu xx 00 eng d aVCDbFly648 1982 aThe Flying house 18. aPhilippines :bCBN Asia,c1982. aDreamworks Pictures aTitles: Fit for a King , The Secret Agent